| 000 | 01468nam a22001577a 4500 | ||
|---|---|---|---|
| 999 |
_c524133 _d524133 |
||
| 008 | 231030b ||||| |||| 00| 0 eng d | ||
| 100 |
_aKumar, Abhay and Pandey, Ganesh Prasad _945231 |
||
| 245 | _aDigital courts and justice delivery: How far are they speedy and effective? | ||
| 260 | _aBihar Journal of Public Administration | ||
| 300 | _a20(1), Jan-Jun, 2023: p.191-197 | ||
| 520 | _aJustice delivery system can be said to function satisfactorily when it renders speedy, fair and efficient justice at a reasonable and affordable cost, ensuring the rule of law, securing human rights and helps in achieving good governance. In the contemporary times, the justice delivery system is also undergoing plethora of changes and one of them most peculiar change is the adoption of the digital tools for insuring swift and effective judicial administration. This paper analyses the contemporary changes brought in the mechanism of justice delivery system and whether it has been a boon or a bane to the litigants. Moreover, the recent judgement of the constitutional courts in respect to declaration of access to Internet as a fundamental right has also been critically analysed within this paper. – Reproduced http://www.iipabiharbranch.org/upload/Journal%20Volume%20XX.pdf | ||
| 650 |
_aDigital Courts, Justice Delivery, Speedy Trial, Effective Delivery _941361 |
||
| 773 | _aBihar Journal of Public Administration | ||
| 906 | _aJUDICIARY | ||
| 942 | _cAR | ||